Sports Quiz

Random Sports or Football Quiz

Top 20 Sports Franchises of 2012 Quiz Stats

 Plays Quiz not verified by Sporcle

Challenge
Share
Tweet
Embed
Score 0/20 Timer 05:00
0 Plays Today
Ranking Team % Correct
20Boston Celtics
82.2%
3San Antonio Spurs
57.8%
2Green Bay Packers
55.6%
1Oklahoma City Thunder
55.6%
9Texas Rangers
42.2%
19Pittsburgh Penguins
40%
12Pittsburgh Steelers
33.3%
4Indiana Pacers
28.9%
8New Orleans Saints
26.7%
11Baltimore Ravens
26.7%
Ranking Team % Correct
18Houston Texans
26.7%
5Memphis Grizzlies
22.2%
13New Jersey Devils
20%
6Phoenix Coyotes
17.8%
15Los Angeles Angels
17.8%
16Tampa Bay Rays
17.8%
7Tampa Bay Lightning
15.6%
10Arizona Diamondbacks
13.3%
17St. Louis Blues
11.1%
14Nashville Predators
8.9%

You're not logged in!

Compare scores with friends on all Sporcle quizzes.
Join for Free
OR
Log In

You Might Also Like...

Show Comments

Extras

Top Quizzes Today


Score Distribution

Your Account Isn't Verified!

In order to create a playlist on Sporcle, you need to verify the email address you used during registration. Go to your Sporcle Settings to finish the process.

Report this User

Report this user for behavior that violates our Community Guidelines.

Details: